Das Nudel-Quiz - Statistiken

Allgemein
  • Dieses Quiz wurde 1.168 mal gespielt
  • Das Durchschnittsergebnis liegt bei 6 aus 16
Antwortstatistiken
Bildquiz Antwort % Korrekt
Tortellini
80%
Glasnudeln
68%
Farfalle
64%
Makkaroni
63%
Fusilli
56%
Tagliatelle
52%
Udon
51%
Linguine
38%
Rigatoni
34%
Hörnchen
26%
Mie-Nudeln
14%
Soba
12%
Fadennudeln
8%
Risoni
6%
Conchiglie
3%
Mafaldine
1%
Keine übereinstimmenden Quizze gefunden
Verteilung der Resultate
Anzahl Personen mit jedem Resultat
Perzentil nach korrekt beantworteten Fragen
Ihre Resultats-Entwicklung
Sie haben dieses Quiz noch nicht gespielt